Εκπαιδευτικές μεταρρυθμίσεις στο ελληνικό κράτος
Αποθηκεύτηκε σε:
| Κύριος συγγραφέας: | |
|---|---|
| Μορφή: | Βιβλίο |
| Γλώσσα: | Greek |
| Δημοσίευση: |
Θεσσαλονίκη :
Τζιόλα,
2023.
|
| Θέματα: | |
| Ετικέτες: |
Προσθήκη ετικέτας
Δεν υπάρχουν, Καταχωρήστε ετικέτα πρώτοι!
|
MARC
| LEADER | 00000nam a2200000 a 4500 | ||
|---|---|---|---|
| 001 | 1/126569 | ||
| 008 | 230512s2023####gr da ||| |||| ||gre|| | ||
| 020 | |a 9789604189380 | ||
| 040 | |a GR-MyUa |b gre |c GR-MyUa |e AACR2 | ||
| 041 | 0 | |a gre | |
| 082 | 7 | |a 370.9495 |2 (23) | |
| 100 | 1 | |a Καραφύλλης, Αθανάσιος Τ. | |
| 245 | 1 | 0 | |a Εκπαιδευτικές μεταρρυθμίσεις στο ελληνικό κράτος / |c Αθανάσιος Τ. Καραφύλλης. |
| 260 | |a Θεσσαλονίκη : |b Τζιόλα, |c 2023. | ||
| 300 | |a 441 σ. : |b εικ., πιν. ; |c 21 εκ. | ||
| 504 | |a Βιβλιογραφία: σ. 427-436. Ευρετήριο. | ||
| 650 | 0 | |a Educational change |z Greece. | |
| 650 | 0 | |a Education |z Greece. | |
| 852 | |a INST |b LESVOS |c EUDOXUS |e 20230512 |h 370.9495 ΚΑΡ |p 005100064646 |q 005100064646 |t EDX |y 0 | ||
| 920 | |a Εύδοξος |b Παραγγελία |y Λέσβος-ΤΚ |z 2023-05 | ||
| 970 | |a Καμάτσου |b Δέσποινα |z 12-05-2023 | ||